00652 2200229 4500001002100000005001500021035002000036007000300056008004100059020002200100082000800122084001400130100003000144245008700174260003100261300003700292650001900329700002100348504003100369990001100400990001100411INLIS00000000000332520190609102231 a0010-0619000074ta190609 g 0 ind  a978-602-1507-47-6 a547 a547 BAM t0 aBAMBANG, Admadi Harsujono1 aTeknologi Polimer Industri Pertanian /cBambang Admadi Harsojuwono, I Wayan Arnata aMalang :bIntimedia,c2017 axvi, 209 hlm. :bilus. ;c23 cm. 4aKIMIA, POLIMER0 aI WAYANA, Arnata aBibliografi : hlm. 188-209 a6714 a a6714 b